TV Within TV Quiz Stats

Quiz Updated Oct 14, 2017

Also try: Bands Within Bands
Challenge
Share
Tweet
Embed
Score 0/25 Timer 03:00
2 Plays Today
% Correct
ALF
95.7%
The Middle
94.9%
Family
94.6%
House
94.5%
Girls
94%
NCIS
93.4%
Taxi
93.1%
ER
92.9%
Lost
92.4%
Ellen
91.6%
NOVA
89%
Dynasty
88.4%
Empire
88.2%
% Correct
Mom
87.6%
Arrow
86.4%
Hunter
86.3%
Today
83.5%
M*A*S*H
83%
Mystery!
82.8%
Survivor
82.5%
Joey
81.4%
Martin
80.8%
Castle
78.3%
Hotel
73.9%
Friends
66.2%

You're not logged in!

Compare scores with friends on all Sporcle quizzes.
Sign Up with Email
OR
Log In

You Might Also Like...

Show Comments

Extras

Top Quizzes Today


Score Distribution

Your Account Isn't Verified!

In order to create a playlist on Sporcle, you need to verify the email address you used during registration. Go to your Sporcle Settings to finish the process.

Report this User

Report this user for behavior that violates our Community Guidelines.

Details: